<?xml version="1.0" encoding="UTF-8"?>
<record
    xmlns:xsi="http://www.w3.org/2001/XMLSchema-instance"
    xsi:schemaLocation="http://www.loc.gov/MARC21/slim http://www.loc.gov/standards/marcxml/schema/MARC21slim.xsd"
    xmlns="http://www.loc.gov/MARC21/slim">

  <leader>00827nam a2200217Ia 4500</leader>
  <datafield tag="999" ind1=" " ind2=" ">
    <subfield code="c">39510</subfield>
    <subfield code="d">39510</subfield>
  </datafield>
  <controlfield tag="001">6106</controlfield>
  <controlfield tag="003">GE_BSU</controlfield>
  <controlfield tag="005">20190919113932.0</controlfield>
  <controlfield tag="008">181216s1956||||ge |||||||||||||| ||geo||</controlfield>
  <datafield tag="040" ind1=" " ind2=" ">
    <subfield code="c">GE_BSU</subfield>
  </datafield>
  <datafield tag="041" ind1=" " ind2=" ">
    <subfield code="a">geo</subfield>
  </datafield>
  <datafield tag="080" ind1=" " ind2=" ">
    <subfield code="a">82-93:821.353.1-1 &#x10D0;-87</subfield>
  </datafield>
  <datafield tag="100" ind1=" " ind2=" ">
    <subfield code="a">&#x10D0;&#x10E1;&#x10D0;&#x10D7;&#x10D8;&#x10D0;&#x10DC;&#x10D8;, &#x10DA;&#x10D0;&#x10D3;&#x10DD;</subfield>
    <subfield code="9">4107</subfield>
  </datafield>
  <datafield tag="245" ind1=" " ind2=" ">
    <subfield code="a">&#x10E0;&#x10E9;&#x10D4;&#x10E3;&#x10DA;&#x10D8; &#x10DA;&#x10D4;&#x10E5;&#x10E1;&#x10D4;&#x10D1;&#x10D8; &#x10D3;&#x10D0; &#x10DE;&#x10DD;&#x10D4;&#x10DB;&#x10D4;&#x10D1;&#x10D8; /</subfield>
    <subfield code="c">&#x10DA;&#x10D0;&#x10D3;&#x10DD; &#x10D0;&#x10E1;&#x10D0;&#x10D7;&#x10D8;&#x10D0;&#x10DC;&#x10D8; ; &#x10E0;&#x10D4;&#x10D3;. &#x10D9;. &#x10D1;&#x10DD;&#x10D1;&#x10DD;&#x10EE;&#x10D8;&#x10EB;&#x10D4;.</subfield>
  </datafield>
  <datafield tag="264" ind1=" " ind2=" ">
    <subfield code="a">&#x10D7;&#x10D1;&#x10D8;&#x10DA;&#x10D8;&#x10E1;&#x10D8; :</subfield>
    <subfield code="b">&#x10E1;&#x10D0;&#x10EE;&#x10D4;&#x10DA;&#x10D2;&#x10D0;&#x10DB;&#x10D8; ;</subfield>
    <subfield code="c">1956.</subfield>
  </datafield>
  <datafield tag="300" ind1=" " ind2=" ">
    <subfield code="a">206 &#x10D2;&#x10D5;. :</subfield>
    <subfield code="b">&#x10E4;&#x10DD;&#x10E2;&#x10DD; ;</subfield>
    <subfield code="c">21&#x10E1;&#x10DB;.</subfield>
  </datafield>
  <datafield tag="653" ind1=" " ind2=" ">
    <subfield code="a">&#x10E0;&#x10E9;&#x10D4;&#x10E3;&#x10DA;&#x10D8; &#x10DA;&#x10D4;&#x10E5;&#x10E1;&#x10D4;&#x10D1;&#x10D8; </subfield>
  </datafield>
  <datafield tag="653" ind1=" " ind2=" ">
    <subfield code="a"> &#x10DE;&#x10DD;&#x10D4;&#x10DB;&#x10D4;&#x10D1;&#x10D8;</subfield>
  </datafield>
  <datafield tag="700" ind1=" " ind2=" ">
    <subfield code="a">&#x10D1;&#x10DD;&#x10D1;&#x10DD;&#x10EE;&#x10D8;&#x10EB;&#x10D4;, &#x10D9;.</subfield>
    <subfield code="e">&#x10E0;&#x10D4;&#x10D3;&#x10D0;&#x10E5;&#x10E2;&#x10DD;&#x10E0;&#x10D8;</subfield>
    <subfield code="9">3666</subfield>
  </datafield>
  <datafield tag="942" ind1=" " ind2=" ">
    <subfield code="c">BK</subfield>
    <subfield code="2">udc</subfield>
  </datafield>
  <datafield tag="952" ind1=" " ind2=" ">
    <subfield code="0">0</subfield>
    <subfield code="1">0</subfield>
    <subfield code="2">udc</subfield>
    <subfield code="4">0</subfield>
    <subfield code="6">829382135311_&#x10D0;87</subfield>
    <subfield code="7">0</subfield>
    <subfield code="9">42843</subfield>
    <subfield code="a">CPL</subfield>
    <subfield code="b">CPL</subfield>
    <subfield code="c">GEN</subfield>
    <subfield code="d">2018-12-17</subfield>
    <subfield code="g">12.00</subfield>
    <subfield code="o">82-93:821.353.1-1 &#x10D0;-87</subfield>
    <subfield code="p">13763</subfield>
    <subfield code="r">2018-12-17</subfield>
    <subfield code="t">13763</subfield>
    <subfield code="w">2018-12-17</subfield>
    <subfield code="y">BK</subfield>
    <subfield code="z">12 &#x10DA;.</subfield>
  </datafield>
  <datafield tag="952" ind1=" " ind2=" ">
    <subfield code="0">0</subfield>
    <subfield code="1">0</subfield>
    <subfield code="2">udc</subfield>
    <subfield code="4">0</subfield>
    <subfield code="6">829382135311_&#x10D0;87</subfield>
    <subfield code="7">0</subfield>
    <subfield code="9">42844</subfield>
    <subfield code="a">CPL</subfield>
    <subfield code="b">CPL</subfield>
    <subfield code="c">GEN</subfield>
    <subfield code="d">2018-12-17</subfield>
    <subfield code="g">12.00</subfield>
    <subfield code="o">82-93:821.353.1-1 &#x10D0;-87</subfield>
    <subfield code="p">13764</subfield>
    <subfield code="r">2018-12-17</subfield>
    <subfield code="t">13764</subfield>
    <subfield code="w">2018-12-17</subfield>
    <subfield code="y">BK</subfield>
    <subfield code="z">12 &#x10DA;.</subfield>
  </datafield>
</record>
